000 01137nam0a22002411 4500
001 rc\2604553
005 20250623132400.0
035 _a(NLR Aleph) 006768571
090 _a5920173
_c5920173
100 _a20110914g19301931|||y0rusy50 ca
101 0 _arus
102 _aRU
105 _ay z |||||
200 1 _aПчеловодство Новочеркасского района Северо-Кавказского края
_fА. Н. Витюк, зав. Сев.-Кавк. краев. курсами техников и инструкторов по пчеловодству при Краев. союзе плодоовощной виноградно-винодельческой и табачной кооп-ции Крайплодоовощьтабаксоюзе и спец. по пчеловодству Новочерк. района
210 _aНовочеркасск
_cТипштаскво
_d1930 [на обл.: 1931]
215 _a39 с.
_d17х13 см.
700 1 _aВитюк
_bА.Н.
801 0 _aRU
_bNLR
_gpsbo
801 1 _aRU
_bELAR
_2rusmarc
852 _aNLR
_j31-8/7003
942 _cBOOK
980 _aNB